| 000 | 00545nam a2200181Ia 4500 | ||
|---|---|---|---|
| 003 | GCL | ||
| 008 | 140319s9999 xx 000 0 ara d | ||
| 040 |
_aGCL / _cGCL |
||
| 082 | 0 | 4 | _a791.43 ج م |
| 100 | 1 | _aجورج مدبك | |
| 245 | 1 | 0 |
_aموسوعة السينما المصورة فى العالم / _cجورج مدبك |
| 260 |
_a[S.N] : _bدار الراتب الجامعية |
||
| 490 |
_aسلاسل سوفنير _v0 |
||
| 650 | 0 | 4 | _aالسينما |
| 650 | 0 | 4 | _aالافلام |
| 650 | 0 | 4 | _aالسينمائيون |
| 942 |
_2ddc _cBK |
||
| 999 |
_c33244 _d33244 |
||